[Event "Polanica Zdroj op"]
[Site "Polanica Zdroj"]
[Date "1996.??.??"]
[Round "10"]
[White "Sakalauskas, Vaidas"]
[Black "Stripunsky, Alexander"]
[Result "0-1"]
[WhiteElo "2320"]
[BlackElo "2495"]

1.d4 d5 2.c4 c6 3.Nc3 Nf6 4.e3 e6 5.Nf3 Nbd7 6.Bd3 dxc4 7.Bxc4 b5 8.Bd3 Bb7
9.O-O a6 10.e4 c5 11.d5 c4 12.dxe6 cxd3 13.exd7+ Qxd7 14.Re1 Bb4 15.Ne5 Qc7
16.Nxd3 Bxc3 17.bxc3 O-O 18.f3 Rfd8 19.Qc2 Rac8 20.Be3 Nxe4 21.fxe4 Bxe4
22.Bg5 Bxd3 23.Bxd8 Qxd8 24.Qd2 Qb6+ 25.Qe3 Qxe3+ 26.Rxe3 Bc4 27.a4 Kf8 28.Kf2 Rd8
29.Ke1 g6 30.a5 Rd6 31.Kf2 Rd2+ 32.Kg3 Bd5 33.Rg1 Ra2 34.Rd3 Bb3 35.Rd8+ Ke7
36.Rd4 Rxa5 37.Re1+ Be6 38.Re3 Ra2 39.Rf4 a5 40.Rf2 Ra3 41.Kf3 Rb3 42.Ke4 a4
43.Kd4 Kd6 44.Ree2 a3 45.Ra2 b4 46.cxb4 Rxb4+ 47.Kc3 Rc4+ 48.Kd3 Ra4 49.Ra1 h5
50.Kd2 h4 51.Rf3 a2 52.Kc2 Rc4+ 53.Kb2 Rb4+ 54.Kc1 Ke5 55.Rf2 Ke4 56.Raxa2 Bxa2
57.Rxa2 Ke3 58.Kc2 Rf4 59.Ra3+ Kf2  0-1

[Event "Porto San Giorgio op"]
[Site "Porto San Giorgio"]
[Date "1996.??.??"]
[Round "?"]
[White "Drasko, Milan"]
[Black "Borgo, Giulio"]
[Result "1-0"]
[WhiteElo "2505"]
[BlackElo "2400"]

1.d4 d5 2.c4 e6 3.Nc3 c6 4.e3 Nf6 5.Nf3 Nbd7 6.Qc2 Bd6 7.b3 b6 8.Be2 Bb7
9.O-O O-O 10.Bb2 Rc8 11.Rad1 Qe7 12.e4 e5 13.exd5 cxd5 14.Nb5 e4 15.Nh4 Ne8
16.Nf5 Qe6 17.Bg4 Bb4 18.Qe2 Qf6 19.Nxa7 Ra8 20.a3 Rxa7 21.axb4 Qd8 22.Ra1 Rxa1
23.Rxa1 g6 24.Nh6+ Kg7 25.Bxd7 Kxh6 26.Bh3 f5 27.c5 g5 28.g3 Ng7 29.Qb5 Rf6
30.Qe2 Kg6 31.b5 Qc7 32.c6 Bc8 33.Ra8 h5 34.Bc1 Ne6 35.Qd2 Rf8 36.Ba3 Rf7
37.Qb4 h4 38.Qd6 hxg3 39.hxg3 g4 40.Bg2 Kg5 41.Qxc7 Nxc7 42.Rxc8 Nxb5 43.Bb2  1-0

[Event "CRO-ch"]
[Site "Pula"]
[Date "1996.??.??"]
[Round "?"]
[White "Loncar, Robert"]
[Black "Doric, Nenad"]
[Result "1/2-1/2"]
[WhiteElo "2455"]
[BlackElo "2320"]

1.c4 c6 2.d4 d5 3.Nf3 Nf6 4.Nc3 e6 5.e3 Nbd7 6.Qc2 Bd6 7.b3 O-O 8.Be2 Qe7
9.O-O Re8 10.Rd1 b6 11.a4 Bb7 12.Qa2 Bb4 13.Ba3 a5 14.Qb2 Rac8 15.Bxb4 Qxb4
16.Nd2 Qe7 17.Rab1 Red8 18.cxd5 cxd5 19.b4 axb4 20.Nb5 Ba6 21.Qxb4 Qxb4 22.Rxb4 Kf8
23.Rbb1 Ke7 24.Rdc1 Rxc1+ 25.Rxc1 Rc8 26.Rxc8 Bxc8 27.f3 Bb7  1/2-1/2

[Event "Reggio Emilia9697"]
[Site "Reggio Emilia"]
[Date "1996.??.??"]
[Round "1"]
[White "Efimov, Igor"]
[Black "Razuvaev, Yuri S"]
[Result "1/2-1/2"]
[WhiteElo "2510"]
[BlackElo "2560"]

1.d4 d5 2.Nf3 Nf6 3.c4 c6 4.Nc3 e6 5.e3 Nbd7 6.Bd3 dxc4 7.Bxc4 b5 8.Be2 Bb7
9.a3 b4 10.axb4 Bxb4 11.O-O  1/2-1/2

[Event "Reggio Emilia9697"]
[Site "Reggio Emilia"]
[Date "1996.??.??"]
[Round "2"]
[White "Belotti, Bruno"]
[Black "Godena, Michele"]
[Result "1/2-1/2"]
[WhiteElo "2400"]
[BlackElo "2550"]

1.d4 d5 2.c4 c6 3.Nc3 Nf6 4.Nf3 e6 5.e3 Nbd7 6.Bd3 dxc4 7.Bxc4 b5 8.Bd3 e5
9.e4 c5 10.d5 c4  1/2-1/2

[Event "Reykjavik op"]
[Site "Reykjavik"]
[Date "1996.??.??"]
[Round "1"]
[White "Van Parreren, Hanneke"]
[Black "Hector, Jonny"]
[Result "0-1"]
[WhiteElo "2180"]
[BlackElo "2520"]

1.d4 d5 2.Nf3 Nf6 3.c4 c6 4.Nc3 e6 5.e3 Nbd7 6.Qc2 Bd6 7.Be2 e5 8.h3 e4 9.Nd2 a6
10.Qb3 O-O 11.O-O Re8 12.cxd5 c5 13.dxc5 Nxc5 14.Qd1 Bb8 15.f4 b5 16.Nb3 Nxb3
17.Qxb3 Bd6 18.a3 Bb7 19.Qa2 Qb6 20.b4 Red8 21.Kh1 Rac8 22.Qb3 Rc7 23.Bd2 Be7
24.Rad1 h6 25.Rfe1 Nxd5 26.Nxe4 Nxf4 27.exf4 Bxe4 28.Be3 Qg6 29.Bf1 Rc2 30.Rxd8+ Bxd8
31.Bd2 Rxd2  0-1

[Event "ISL-ISR"]
[Site "Reykjavik"]
[Date "1996.??.??"]
[Round "2"]
[White "Greenfeld, Alon"]
[Black "Thorsteins, Karl"]
[Result "1/2-1/2"]
[WhiteElo "2560"]
[BlackElo "2500"]

1.Nf3 Nf6 2.c4 c6 3.Nc3 d5 4.d4 e6 5.e3 Nbd7 6.Bd3 dxc4 7.Bxc4 b5 8.Bd3 Bb7
9.O-O b4 10.Ne4 Be7 11.Nxf6+ Nxf6 12.e4 O-O 13.e5 Nd7 14.Be4 Rb8 15.Qc2 h6
16.Be3 c5 17.Bxb7 Rxb7 18.dxc5 Nxc5 19.Rac1  1/2-1/2

[Event "Reykjavik op"]
[Site "Reykjavik"]
[Date "1996.??.??"]
[Round "4"]
[White "Gretarsson, Helgi Ass"]
[Black "Halldorsson, Bragi"]
[Result "1-0"]
[WhiteElo "2450"]
[BlackElo "2265"]

1.d4 d5 2.c4 c6 3.Nc3 Nf6 4.e3 e6 5.Nf3 Be7 6.Qc2 Nbd7 7.Be2 dxc4 8.Bxc4 b5
9.Bd3 Bb7 10.O-O a6 11.Ne4 Rc8 12.a4 b4 13.Rd1 a5 14.Ne5 Nxe4 15.Bxe4 Nxe5
16.dxe5 Qc7 17.b3 g6 18.Bb2 O-O 19.Bd3 Rfd8 20.Bc4 Rxd1+ 21.Rxd1 Rd8 22.Rxd8+ Qxd8
23.Qd3 Qxd3 24.Bxd3 Kf8 25.f3 Ke8 26.Kf2 Kd7 27.e4 Kc7 28.Ke2 Kb6 29.Bd4+ c5
30.Be3 Ba6 31.Bxa6 Kxa6 32.Kd3 Kb6 33.Bh6 Kc6 34.Kc4 Kb6 35.f4 Kc6 36.g3 Kb6
37.Bg7 Kc6 38.Bf6 Bf8 39.Bd8 Bg7 40.g4 h5 41.g5 Bf8 42.h4 Kd7 43.Bxa5 Kc6
44.Bd8 Kd7 45.Bf6 Kc7 46.a5 Kc8 47.Kb5 Kc7 48.a6 c4 49.Bd8+  1-0

[Event "Reykjavik op"]
[Site "Reykjavik"]
[Date "1996.??.??"]
[Round "6"]
[White "Hjartarson, Johann"]
[Black "Thorhallsson, Throstur"]
[Result "1-0"]
[WhiteElo "2570"]
[BlackElo "2445"]

1.c4 c6 2.d4 d5 3.Nc3 Nf6 4.e3 e6 5.Nf3 Nbd7 6.Bd3 dxc4 7.Bxc4 b5 8.Be2 Bb7
9.O-O Be7 10.a3 a5 11.Bd2 O-O 12.Qb3 Qb8 13.Rfc1 Rd8 14.Be1 h6 15.h3 Ra7
16.Nd2 a4 17.Qc2 e5 18.Nf3 exd4 19.Nxd4 Nc5 20.Rd1 Ra8 21.Bf3 Qc7 22.Rac1 Rac8
23.Nce2 Nd5 24.Nf5 Nb3 25.Rxd5 Nxc1 26.Rxd8+ Rxd8 27.Nxe7+ Qxe7 28.Qxc1 c5
29.Bxb7 Qxb7 30.Qxc5 Rd1 31.Kf1 Qb8 32.Nd4 Rb1 33.Nc6 Qe8 34.Qc2 Ra1 35.Ke2 Qe6
36.Bb4 g6 37.Nd4 Qd5 38.Qc5 Qxc5 39.Bxc5 Ra2 40.Bb4 Rxb2+ 41.Kf3 f5 42.Nxb5 Kf7
43.Nc3 Ke6 44.Nxa4 Rc2 45.Nc5+ Kd5 46.Nd3 g5  1-0

[Event "EU-ch U18"]
[Site "Rimavska Sobota"]
[Date "1996.??.??"]
[Round "9"]
[White "Cvek, Robert"]
[Black "Turzo, Attila"]
[Result "1-0"]
[WhiteElo "2290"]
[BlackElo "2315"]

1.Nf3 d5 2.d4 c6 3.c4 Nf6 4.Nc3 e6 5.e3 Nbd7 6.Qc2 Bd6 7.Be2 O-O 8.O-O dxc4
9.Bxc4 Qe7 10.Rd1 e5 11.Bd3 Re8 12.Ne4 Nxe4 13.Bxe4 g6 14.d5 c5 15.Nd2 b6
16.Bd3 f5 17.e4 f4 18.a3 Rf8 19.b4 g5 20.Be2 cxb4 21.Qc6 Rb8 22.Nc4 Bc5 23.axb4 Bxb4
24.Rxa7 b5 25.Qe6+ Kh8 26.Nxe5 f3 27.gxf3 g4 28.Nxd7 gxf3 29.Bb2+  1-0

[Event "Sakthi"]
[Site "Sakthi"]
[Date "1996.??.??"]
[Round "8"]
[White "Murshed, Niaz"]
[Black "Prasad, Devaki V"]
[Result "1/2-1/2"]
[WhiteElo "2510"]
[BlackElo "2445"]

1.d4 d5 2.c4 c6 3.Nc3 Nf6 4.e3 e6 5.Nf3 Nbd7 6.Be2 Bd6 7.Qc2 O-O 8.O-O Qe7
9.e4 Nxe4 10.Nxe4 dxe4 11.Qxe4 e5 12.Bg5 Nf6 13.Qh4 h6 14.Bxf6 Qxf6 15.Qxf6 gxf6
16.c5 Bc7 17.Bc4 exd4 18.Nxd4 Be5 19.Rfd1 Rd8 20.Nf3 Bg4 21.Rxd8+ Rxd8 22.Nxe5 fxe5
23.f3 Be6 24.Bxe6 fxe6 25.b4 Rd2 26.a4 Kf7 27.Re1 Kf6 28.h3 Rb2 29.Re4 Ra2
30.a5 Rb2 31.Kh2 a6 32.Rh4 Kg5 33.Rg4+ Kf6 34.h4 h5 35.Rg5 Rxb4 36.Rxh5 e4
37.fxe4  1/2-1/2

[Event "Salongernas IM"]
[Site "Salongernas"]
[Date "1996.??.??"]
[Round "?"]
[White "Hedman, Erik"]
[Black "Wallace, John Paul"]
[Result "1/2-1/2"]
[WhiteElo "2355"]
[BlackElo "2370"]

1.d4 d5 2.c4 c6 3.Nc3 Nf6 4.e3 e6 5.Nf3 Nbd7 6.Bd3 dxc4 7.Bxc4 b5 8.Be2 Bb7
9.O-O Be7 10.e4 b4 11.e5 bxc3  1/2-1/2

[Event "Salongernas IM"]
[Site "Salongernas"]
[Date "1996.??.??"]
[Round "?"]
[White "Dzevlan, Miralem"]
[Black "Ornstein, Axel"]
[Result "1-0"]
[WhiteElo "2395"]
[BlackElo "2440"]

1.d4 Nf6 2.c4 e6 3.Nf3 d5 4.Nc3 c6 5.e3 Nbd7 6.Qc2 Bd6 7.Be2 O-O 8.O-O Re8
9.b3 b6 10.Bb2 Bb7 11.e4 dxe4 12.Nxe4 Nxe4 13.Qxe4 Qe7 14.Bd3 f5 15.Qe2 c5
16.dxc5 Nxc5 17.Bc2 Rad8 18.Rad1 Ne4 19.Rd3 Bc5 20.Bd4 Ng5 21.Bxc5 Nxf3+
22.Qxf3 bxc5 23.Qe3 Rxd3 24.Bxd3 g6 25.Be2 Rd8 26.Rd1 Rxd1+ 27.Bxd1 e5 28.g3 Qd6
29.Bf3 e4 30.Be2 Bc6 31.h4 a5 32.h5 a4 33.bxa4 Bxa4 34.Qg5 Kg7 35.Qc1 Bd7
36.a4 e3 37.Qxe3 Bxa4 38.Bf3 Kf6 39.Qh6 Bd1 40.Qxh7 Kg5 41.Bd5 Bxh5 42.f4+  1-0

[Event "Salongernas Elo"]
[Site "Salongernas"]
[Date "1996.??.??"]
[Round "?"]
[White "Sjodin, Bengt"]
[Black "Berg, Susanne"]
[Result "0-1"]
[WhiteElo "2160"]
[BlackElo "2080"]

1.d4 d5 2.Nf3 e6 3.c4 c6 4.Nc3 Nf6 5.e3 Nbd7 6.Qc2 Bd6 7.Be2 O-O 8.O-O e5
9.cxd5 cxd5 10.dxe5 Nxe5 11.Rd1 Qc7 12.h3 Nxf3+ 13.Bxf3 Be6 14.Bd2 Rac8 15.Rac1 Qd7
16.Be1 Bb8 17.h4 Rfd8 18.Qe2 a6 19.g3 b5 20.a3 Ba7 21.e4 d4 22.Qf1 Bb3 23.Rd2 Qe6
24.Ne2 Bc4 25.Qg2 Bxe2 26.Rxc8 Rxc8 27.Rxe2 Rc1 28.Qf1 h6 29.Rd2 Qb3 30.Kg2 Nd7
31.Be2 Ne5 32.f4 Nc4 33.Bxc4 bxc4 34.Qf2 Bb6 35.Qe2 Ba5 36.Qg4 c3 37.Qc8+ Kh7
38.bxc3 dxc3 39.Rd3 Rxe1 40.Qxa6 Re2+ 41.Kh3 Qe6+  0-1

[Event "Santa Clara"]
[Site "Santa Clara"]
[Date "1996.??.??"]
[Round "3"]
[White "Arencibia, Walter"]
[Black "Gonzalez, Renier"]
[Result "1-0"]
[WhiteElo "2515"]
[BlackElo "2560"]

1.d4 d5 2.c4 c6 3.Nc3 Nf6 4.e3 e6 5.Nf3 Nbd7 6.Qc2 Bd6 7.b3 Qe7 8.Be2 O-O
9.O-O dxc4 10.bxc4 e5 11.Re1 Re8 12.h3 e4 13.Nd2 Nf8 14.a4 h5 15.Qb3 g5 16.Ba3 g4
17.Bxd6 Qxd6 18.hxg4 hxg4 19.Qa3 Qc7 20.Qc5 Ng6 21.Nf1 b6 22.Qg5 Qe7 23.Ng3 Bd7
24.Bd1 Nh7 25.Qxe7 Rxe7 26.Ngxe4 f5 27.Nd6 Ng5 28.a5 Rb8 29.axb6 axb6 30.Bc2 Nh4
31.Reb1 Kg7 32.Na4 Rh8 33.Nxb6 f4 34.Nxd7 Rxd7 35.Nf5+ Kf6 36.Nxh4 Rxh4 37.Ra6 Rc7
38.Rbb6 f3 39.Rxc6+ Rxc6 40.Rxc6+ Kf7 41.Rc5  1-0

[Event "DLM U20"]
[Site "Schoeneck"]
[Date "1996.??.??"]
[Round "3"]
[White "Kitte, Sebastian"]
[Black "Wiegner, Denis"]
[Result "1/2-1/2"]
[WhiteElo "2305"]
[BlackElo "2170"]

1.d4 d5 2.c4 c6 3.e3 Nf6 4.Nc3 e6 5.Nf3 Nbd7 6.Qc2 Bd6 7.g4 dxc4 8.Bxc4 b5
9.Be2 Bb7 10.e4 b4 11.Na4 Nxg4 12.h3 Nh6 13.Rg1 Bf8 14.Be3 Qc7 15.Rc1 Rc8
16.b3 Ng8 17.Nc5 Ngf6 18.Ng5 Nxc5 19.dxc5 h6 20.Nf3 e5 21.Bc4 g6 22.Qb2 Nxe4
23.Nxe5 Rh7 24.Qd4 Nc3 25.Bf4 Qe7 26.Kf1 Rd8 27.Qe3 Nd5 28.Bxd5 Rxd5 29.Re1 Kd8
30.Qg3 Qxc5 31.Ng4 Be7 32.Bc7+ Kc8 33.Bb8 Rd7 34.Ne5 Ba6+ 35.Kg2 Qd5+ 36.Kh2 Bd6
37.Bxd6 Rxd6 38.Qg4+ f5 39.Qxb4 c5 40.Qa4 Re7 41.Nxg6 Rxe1 42.Rxe1 Qf3 43.Qe8+ Kc7
44.Qe7+ Kc8 45.Qe8+ Kc7 46.Qe7+ Kc8 47.Qe8+  1/2-1/2

[Event "Schoeneck"]
[Site "Schoeneck"]
[Date "1996.??.??"]
[Round "3"]
[White "Kachiani Gersinska, Ketino"]
[Black "Luther, Thomas"]
[Result "1/2-1/2"]
[WhiteElo "2415"]
[BlackElo "2495"]

1.d4 d5 2.c4 c6 3.Nf3 Nf6 4.Nc3 e6 5.e3 Nbd7 6.Qc2 Bd6 7.b3 O-O 8.Be2 b6
9.O-O Bb7 10.Bb2 Re8 11.Rfd1 a6 12.e4 Nxe4 13.Nxe4 dxe4 14.Qxe4 Qc7 15.Qh4 Be7
16.Qg3 Qxg3 17.hxg3 c5 18.Ne5 Rad8 19.Nxd7 Rxd7 20.dxc5 Rxd1+ 21.Rxd1 Bxc5
22.Bf3 Bxf3 23.gxf3 h6 24.f4  1/2-1/2

[Event "Seefeld op"]
[Site "Seefeld"]
[Date "1996.??.??"]
[Round "?"]
[White "Garn, Erwin"]
[Black "Ballon, Guenther Jan"]
[Result "1/2-1/2"]
[WhiteElo "2135"]
[BlackElo "2270"]

1.d4 d5 2.c4 c6 3.Nf3 e6 4.e3 Nf6 5.Nc3 Nbd7 6.Qc2 Bd6 7.b3 O-O 8.Be2 e5
9.O-O e4 10.Nd2 Re8 11.cxd5 cxd5 12.f3 Qc7 13.f4 Nf8 14.Bb2 Bd7 15.Rac1 Rac8
16.Ndb1 b5 17.Qd1 Qa5 18.g4 b4 19.Na4 Rxc1 20.Bxc1 Bb5 21.g5 N6d7 22.Rf2 Rc8
23.Bxb5 Qxb5 24.Rc2 Rc6 25.Rxc6 Qxc6 26.Bd2 Ng6 27.Qc1 Qxc1+ 28.Bxc1 Nh4
29.Nd2 Nf5 30.Nf1 g6 31.Ng3 Nh4 32.Kf2 Kf8 33.Nf1 Ke7 34.Kg3 Nf5+ 35.Kh3 h5
36.Ng3 Nxg3 37.hxg3 Kd8 38.g4 hxg4+ 39.Kxg4 Kc7 40.Bd2 Kc6 41.Be1 Nb8 42.Kh3 Na6
43.Kg2 Nc7 44.Kf2 Nb5 45.Ke2 Kd7 46.Nb2 Ke6 47.Nd1 Kf5 48.Nf2 a5 49.Nd1 Be7
50.Nb2 Bd6 51.Na4 Bxf4 52.exf4 Nxd4+ 53.Kf2 Nb5 54.Bd2 d4 55.Nc5 Nc3 56.Nb7 e3+
57.Bxe3 dxe3+ 58.Kxe3 Nxa2 59.Nd6+ Ke6 60.Nc4 Nc3 61.Nxa5 Kf5 62.Nc6 Nd5+
63.Kd4 Nxf4 64.Nxb4 Ne2+ 65.Kc4 Nc1 66.Nc2 Nxb3 67.Kxb3 Kxg5 68.Kc3 Kf4 69.Kd3 g5
70.Ke2 Kg3 71.Ne3 g4 72.Nf5+ Kf4 73.Ne3 g3 74.Ng2+ Ke4 75.Nh4 f6 76.Kf1  1/2-1/2

[Event "Senigallia op"]
[Site "Senigallia"]
[Date "1996.??.??"]
[Round "?"]
[White "Vujovic, Milorad"]
[Black "Ortega, Lexy"]
[Result "0-1"]
[WhiteElo "2345"]
[BlackElo "2490"]

1.c4 e6 2.d4 d5 3.Nc3 c6 4.e3 Nf6 5.Nf3 Nbd7 6.Bd3 dxc4 7.Bxc4 b5 8.Bd3 a6
9.a4 b4 10.Ne4 Bb7 11.b3 c5 12.Ng3 Bd6 13.Bb2 cxd4 14.exd4 O-O 15.O-O Rc8
16.Qe2 Nd5 17.Rfc1 Nf4 18.Qd1 Rxc1 19.Bxc1 Nxd3 20.Qxd3 Qa5 21.Bb2 Qd5 22.Ne1 h5
23.Nf1 Nf6 24.Ne3 Qg5 25.Nc4 Bb8 26.Nf3 Qd5 27.Re1 Ng4 28.h3 Nh2 29.Re3 Nxf3+
30.gxf3 Qg5+ 31.Kh1 Bf4 32.Re1 Rd8 33.Qe2 Qh4 34.Kg2 Rd5 35.Rh1 Rf5 36.Qd3 Bh6
37.Ne5 f6 38.Qe2 fxe5  0-1

[Event "EU-ch U20"]
[Site "Siofok"]
[Date "1996.??.??"]
[Round "2"]
[White "Chytilek, Roman"]
[Black "Mifsud, Timothy"]
[Result "1-0"]
[WhiteElo "2340"]
[BlackElo "2230"]

1.d4 d5 2.c4 e6 3.Nf3 c6 4.e3 Nf6 5.Nc3 Nbd7 6.Qc2 Bd6 7.g4 Nxg4 8.Rg1 f5
9.h3 Ngf6 10.Rxg7 Ne4 11.Bd2 Qf6 12.Rg2 Nf8 13.Nxe4 fxe4 14.Ne5 Bxe5 15.dxe5 Qe7
16.Qb3 Ng6 17.Be2 b6 18.O-O-O Qc7 19.Bb4 Nxe5 20.Bh5+ Kd8 21.Qa3 Qd7 22.Qc3 Qc7
23.Rdg1 c5 24.Rg8+ Rxg8 25.Rxg8+ Kd7 26.Rg7+ Kd6 27.Rxc7  1-0

[Event "EU-ch U20"]
[Site "Siofok"]
[Date "1996.??.??"]
[Round "10"]
[White "Dyachkov, Sergej"]
[Black "Zifroni, Dov"]
[Result "1/2-1/2"]
[WhiteElo "2515"]
[BlackElo "2490"]

1.d4 d5 2.c4 c6 3.Nf3 Nf6 4.Nc3 e6 5.e3 Nbd7 6.Bd3 dxc4 7.Bxc4 b5 8.Be2 Bb7
9.O-O b4 10.Na4 Be7 11.Qc2 O-O 12.Rd1 a5 13.e4 c5 14.e5 Be4 15.Bd3 Bxd3 16.Qxd3 Nd5
17.Nxc5 Nxc5 18.dxc5 Rc8 19.Be3 Nxe3 20.Qxe3 Qc7 21.Rac1 Bxc5  1/2-1/2

[Event "SLO-chT sf"]
[Site "SLO"]
[Date "1996.??.??"]
[Round "1"]
[White "Gostisa, Leon"]
[Black "Furlan, Miha"]
[Result "1/2-1/2"]
[WhiteElo "2405"]
[BlackElo "2280"]

1.d4 d5 2.c4 c6 3.Nf3 Nf6 4.Nc3 e6 5.e3 Nbd7 6.Be2 Bd6 7.O-O O-O 8.b3 b6
9.Qc2 Bb7 10.Bb2 Re8 11.Rad1 Qc7 12.e4 Nxe4 13.Nxe4 dxe4 14.Qxe4 c5 15.Qh4 Nf8
16.dxc5 Qxc5 17.Qd4 Qxd4 18.Nxd4 Rad8 19.Nb5 Bb8 20.Ba3 Bc6 21.c5 e5 22.cxb6 axb6
23.Nd6 Bxd6 24.Bxd6 Ng6 25.g3 Re6 26.Bc7 Ra8 27.a4 Nf4 28.Bg4 h5 29.Rfe1 hxg4
30.gxf4 Bf3 31.Rd7 e4 32.Rc1 e3 33.f5 exf2+ 34.Kxf2 Re2+ 35.Kg3 Re3 36.Bxb6 Rxb3
37.Rd8+ Rxd8 38.Bxd8 Bc6+ 39.Kxg4 Rb4+ 40.Kg3  1/2-1/2

[Event "SLO-chT sf"]
[Site "SLO"]
[Date "1996.??.??"]
[Round "6"]
[White "Sebenik, Matej"]
[Black "Petek, Primoz"]
[Result "0-1"]
[WhiteElo "2125"]
[BlackElo "1700"]

1.d4 d5 2.Nf3 Nf6 3.c4 c6 4.Nc3 e6 5.e3 Bb4 6.Qc2 Ne4 7.Nd2 f5 8.Bd3 O-O
9.O-O Nd7 10.a3 Bd6 11.b4 Qh4 12.g3 Qh3 13.Re1 Ndf6 14.Bf1 Qh6 15.f3 Nxc3
16.Qxc3 Qg6 17.Bg2 h5 18.e4 fxe4 19.fxe4 Ng4 20.e5 Be7 21.Nf3 Bd7 22.Bf4 h4
23.Ra2 Rf7 24.Kh1 Qh5 25.h3 hxg3 26.Bxg3 Qh8 27.Kg1 Nh6 28.Nh2 Nf5 29.Bf2 Raf8
30.Rae2 Nh4 31.Bh1 Qh6 32.Qg3 Rf5 33.Be3 Qh8 34.Qg4 Rh5 35.cxd5 cxd5 36.Bxd5 Nf5
37.Bg2 Nxe3 38.Rxe3 Rg5 39.Qe4 Bc6 40.Nf3 Bxe4 41.Nxg5 Bxg5 42.Rxe4 Rf4 43.R1e2 Qh4
44.a4 Rxe4 45.Rxe4 Qg3 46.b5 Be3+ 47.Kh1 Qe1+ 48.Kh2 Qg1+ 49.Kg3 Qf2+ 50.Kh2 Bf4+
51.Kh1 Qd2 52.Kg1 Bg3 53.Rg4 Qe1+ 54.Bf1 Qf2+  0-1

[Event "Zhukov mem"]
[Site "Spasskoe"]
[Date "1996.??.??"]
[Round "6"]
[White "Aleksandrov, Aleksej"]
[Black "Mukhametov, Eldar"]
[Result "1-0"]
[WhiteElo "2535"]
[BlackElo "2505"]

1.d4 d5 2.c4 c6 3.Nc3 Nf6 4.e3 e6 5.Nf3 Nbd7 6.Bd3 dxc4 7.Bxc4 b5 8.Be2 a6
9.e4 b4 10.e5 bxc3 11.exf6 Nxf6 12.bxc3 Bd6 13.Qa4 Bd7 14.Ne5 Qc7 15.Nxd7 Nxd7
16.Bf3 O-O 17.Qxc6 Rac8 18.Qxc7 Bxc7 19.Bb7 Rb8 20.Bxa6 Ba5 21.Bd2 Rb2 22.O-O-O Rxa2
23.Bc4 Rxd2 24.Kxd2 Rc8 25.Ra1 Nb6 26.Ba6 Bxc3+ 27.Kd3 Rc7 28.Rab1 Ba5 29.Rb3 Ra7
30.Bc4 e5 31.Ra1 exd4  1-0

[Event "Zhukov mem"]
[Site "Spasskoe"]
[Date "1996.??.??"]
[Round "6"]
[White "Legky, Nikolay A"]
[Black "Yagupov, Igor"]
[Result "1/2-1/2"]
[WhiteElo "2510"]
[BlackElo "2450"]

1.d4 d5 2.c4 c6 3.Nf3 Nf6 4.Nc3 e6 5.e3 Nbd7 6.Qc2 b6 7.cxd5 cxd5 8.Nb5 Bb4+
9.Bd2 Bxd2+ 10.Nxd2 O-O 11.Be2 Ba6 12.a4 Bxb5 13.axb5 Rc8 14.Qb1 Rc7 15.O-O Ne8
16.Bd3 g6 17.Rc1 Nd6 18.Ra3 Rxc1+ 19.Qxc1 Qb8 20.Qa1 Nc8 21.Rc3 Nd6 22.g3 Rc8
23.Qa4 Rc7 24.Qb4 Ne8 25.Nf3 Qd8 26.Ne1 Kg7 27.Nc2 Kg8 28.Qa3 Nb8 29.Nb4 Qd7
30.Na2  1/2-1/2

[Event "Zhukov mem"]
[Site "Spasskoe"]
[Date "1996.??.??"]
[Round "10"]
[White "Aleksandrov, Aleksej"]
[Black "Yagupov, Igor"]
[Result "1/2-1/2"]
[WhiteElo "2535"]
[BlackElo "2450"]

1.d4 d5 2.c4 c6 3.Nc3 Nf6 4.e3 e6 5.Nf3 Nbd7 6.Bd3 dxc4 7.Bxc4 b5 8.Be2 a6
9.e4 b4 10.e5 bxc3 11.exf6 Nxf6 12.bxc3 Bd6 13.Qa4 Bd7 14.Ne5 c5 15.Nxd7 Qxd7
16.Qxd7+ Kxd7 17.Bf3 Rab8 18.dxc5 Bxc5 19.Bf4 Rb6 20.O-O Nd5 21.Rfd1 Bd6
22.Bxd6 Rxd6 23.c4 Nc3 24.Rdc1 Rd3 25.Rc2 Rb8 26.Kf1 Na4 27.c5 Rd4 28.Re1 Kc7
29.g3 Rb5 30.Re5 Rb2 31.Ree2 Rbb4 32.Kg2 Rbc4 33.c6 Nc5 34.Rb2 Rc1 35.Rec2 Rxc2
36.Rxc2 Nd3 37.Kf1 Nb4 38.Rb2 Rc4 39.Be2 Rc1+ 40.Kg2 a5 41.a3 Nxc6 42.Ba6 Kd6
43.Rb7 Ne5 44.Bb5 Rc7 45.Rb8 h5 46.a4 Rc2 47.h3 Rc5 48.Rd8+ Ke7 49.Ra8 Nc4
50.h4 Nd6 51.Ra7+ Kf6 52.Rxa5  1/2-1/2

[Event "Petrov mem"]
[Site "St Petersburg"]
[Date "1996.??.??"]
[Round "1"]
[White "Rustemov, Alexander"]
[Black "Rapoport, Igor"]
[Result "1-0"]
[WhiteElo "2495"]
[BlackElo "2260"]

1.d4 d5 2.c4 c6 3.Nc3 Nf6 4.e3 e6 5.Nf3 Nbd7 6.Qc2 Bd6 7.b3 O-O 8.Be2 Re8
9.O-O Qe7 10.Bb2 b6 11.cxd5 exd5 12.Rad1 Ne4 13.Nxe4 dxe4 14.Ne5 Nxe5 15.dxe5 Bxe5
16.Bxe5 Qxe5 17.Qxc6 Be6 18.Rd4 Rec8 19.Qa4 Rc2 20.Rxe4 Qb2 21.Bd3 Rc1 22.Rd4 g6
23.h4 Rxf1+ 24.Bxf1 h5 25.Qa6 Qa1 26.Rd6 Rf8 27.Qe2 Rc8 28.Rd1 Qf6 29.Rd4 Bg4
30.Qd2 Bf5 31.Bc4 b5 32.Bxb5 Rc2 33.Qa5 Qe5 34.Qa6 Bg4 35.Bf1 Qf5 36.Rf4 Qc5
37.Bc4  1-0

[Event "St Petersburg-ch"]
[Site "St Petersburg"]
[Date "1996.??.??"]
[Round "1"]
[White "Epishin, Vladimir"]
[Black "Sakaev, Konstantin"]
[Result "1/2-1/2"]
[WhiteElo "2620"]
[BlackElo "2600"]

1.d4 Nf6 2.c4 e6 3.Nf3 d5 4.Nc3 c6 5.e3 Nbd7 6.Qc2 Bd6 7.Be2 O-O 8.O-O Qe7
9.a3 Re8 10.Rd1 a5 11.b3 b6 12.Bb2 Bb7 13.Na4 Rec8 14.Ne5 b5 15.Nxd7 Nxd7
16.Nc3 b4 17.axb4 axb4 18.Rxa8 Rxa8 19.Na4 dxc4 20.Bxc4 h6 21.g3 Re8 22.Bf1 c5
23.Bg2 Bxg2 24.Kxg2 cxd4 25.Bxd4 Ne5 26.e4 Qb7 27.Nb6 Bc7 28.Bxe5 Bxe5 29.Nc4 Qc6
30.Qe2 Bc3 31.Rd6 Qa8 32.Rd7 Rd8 33.Nb6 Qb8 34.Qa6 Bd4 35.Rxd8+ Qxd8 36.Nc4 Bc5
37.Qc6  1/2-1/2

[Event "RUS-Cup1 Chigorin mem"]
[Site "St Petersburg"]
[Date "1996.??.??"]
[Round "2"]
[White "Kruppa, Yuri"]
[Black "Karasev, Vladimir I"]
[Result "1-0"]
[WhiteElo "2560"]
[BlackElo "2350"]

1.d4 d5 2.c4 e6 3.Nc3 c6 4.e3 Nf6 5.Nf3 Ne4 6.Bd3 f5 7.Ne5 Qh4 8.g3 Qh6 9.Qc2 Nd7
10.Nxd7 Bxd7 11.O-O Qf6 12.f3 Nxc3 13.bxc3 dxc4 14.Bxc4 e5 15.e4 exd4 16.e5 Qxe5
17.Bg5 Bc5 18.Rae1 d3+ 19.Kg2 dxc2 20.Rxe5+ Kf8 21.Rxc5 Re8 22.Bf4 g5 23.Bd6+ Kg7
24.Be5+  1-0

[Event "Petrov mem"]
[Site "St Petersburg"]
[Date "1996.??.??"]
[Round "2"]
[White "Tunik, Gennady"]
[Black "Korneev, Oleg"]
[Result "0-1"]
[WhiteElo "2475"]
[BlackElo "2590"]

1.d4 d5 2.c4 e6 3.Nf3 Nf6 4.Nc3 c6 5.e3 Nbd7 6.Bd3 dxc4 7.Bxc4 b5 8.Be2 a6
9.e4 b4 10.e5 bxc3 11.exf6 Nxf6 12.bxc3 Bd6 13.Nd2 Qc7 14.Bf3 O-O 15.Nc4 Be7
16.O-O Nd5 17.Bd2 c5 18.Ne3 Nxe3 19.Bxe3 Bb7 20.Rb1 Bxf3 21.Qxf3 cxd4 22.Bxd4 Rab8
23.Qg3 Qxg3 24.hxg3 Bf6 25.Bxf6 gxf6 26.Rb4 Rfc8 27.Rfb1 Rb5 28.Rxb5 axb5
29.Rxb5 Rxc3 30.Rb1 Ra3 31.Rb2 f5 32.Kf1 Kg7 33.Ke2 Kg6 34.Rc2 Kg5 35.Kd2 f4
36.gxf4+ Kxf4 37.Kc1 e5 38.Kb2 Ra7 39.Rc4+ e4 40.a4 f5 41.Kc1 Rg7 42.a5 Rxg2
43.Ra4 Kf3 44.a6 Rg8 45.a7 Ra8 46.Ra2 Kg2 47.f4+ Kf3 48.Kd1 h5 49.Ke1 h4
50.Kf1 h3 51.Ra3+ e3 52.Ra2 h2  0-1

[Event "RUS-Cup1 Chigorin mem"]
[Site "St Petersburg"]
[Date "1996.??.??"]
[Round "3"]
[White "Neverov, Valeriy"]
[Black "Filippov, Valerij"]
[Result "0-1"]
[WhiteElo "2515"]
[BlackElo "2565"]

1.d4 d5 2.c4 c6 3.Nc3 Nf6 4.Nf3 e6 5.e3 Nbd7 6.Qc2 Bd6 7.b3 O-O 8.Be2 dxc4
9.bxc4 e5 10.O-O Re8 11.Rd1 Qe7 12.Rb1 e4 13.Nd2 Nf8 14.c5 Bc7 15.Nc4 Ng6
16.Ba3 Ng4 17.Nd6 Qh4 18.Bxg4 Bxg4 19.Rxb7 Bxd1 20.Qxd1 Re7 21.g3 Qh3 22.Rb2 Re6
23.Ndxe4 h6 24.f3 Rd8 25.Rg2 Ne7 26.Bc1 Qh5 27.g4 Qg6 28.h4 f5 29.Nf2 Qf7
30.h5 Ba5 31.gxf5 Nxf5 32.Nce4 Qxh5 33.Ng4 Qf7 34.Qe2 Rf8 35.Ne5 Qe8 36.Qc4 Kh8
37.f4 Bc7 38.Bd2 Nh4 39.Rg3 Bxe5 40.dxe5 Rg6 41.Qe2 Rxg3+ 42.Nxg3 Qe6 43.Kh2 Qxa2
44.Kh3 Nf5 45.Nxf5 Rxf5 46.Qg4 Rf8 47.Bc3 Qd5 48.e6 Qh1+ 49.Kg3 Qg1+ 50.Kf3 Qxg4+
51.Kxg4 Kg8 52.f5 Rd8 53.e4 Rd3 54.e7 Kf7 55.Bxg7 a5 56.e5 Kxe7 57.Bxh6 Rd1
58.Bg5+ Ke8 59.Kf4 a4 60.e6 Rd4+ 61.Kf3 Rd5 62.Kf4 a3 63.Bh6 Rd1 64.Bg7 Ke7  0-1

[Event "Petrov mem"]
[Site "St Petersburg"]
[Date "1996.??.??"]
[Round "3"]
[White "Krechetov, Alexander"]
[Black "Galliamova, Alisa"]
[Result "1-0"]
[WhiteElo "2325"]
[BlackElo "2480"]

1.Nf3 d5 2.c4 c6 3.d4 Nf6 4.Nc3 e6 5.e3 Nbd7 6.Qc2 Bd6 7.b3 O-O 8.Be2 b6
9.Bb2 Bb7 10.O-O Qe7 11.Rad1 Rac8 12.e4 e5 13.dxe5 Nxe5 14.exd5 cxd5 15.Qd2 Ne4
16.Qd4 Nxc3 17.Bxc3 f6 18.Rfe1 Qc7 19.Qh4 Ng6 20.Qg4 Rce8 21.Bf1 Kh8 22.Ba1 Re4
23.Rxe4 dxe4 24.Qe6 Rd8 25.Nd4 Qc5 26.Nf5 Bxh2+ 27.Kxh2 Rxd1 28.Bxf6 Qc7+
29.g3 Nf8 30.Qe8 Qc8 31.Bxg7+ Kg8 32.Ne7+ Kxg7 33.Nxc8 Bxc8 34.Qxc8 Rxf1
35.Kg2 Rd1 36.Qc7+ Rd7 37.Qf4 Re7 38.Qg5+ Ng6 39.Qf5 Nf8 40.Qc8 a5 41.Qf5 Ng6
42.Qd5  1-0